Dostupnosť informácií o bonite podnikateľských subjektov v ČR a SR ako nevyhnutný predpoklad úspechu v obchode

Uložené v:
Podrobná bibliografia
Hlavný autor: Pavelka, Ľuboš, 1962-
Médium: Kapitola
Jazyk:Slovak
Tagy: Pridať tag
Žiadne tagy, Buďte prvý, kto otaguje tento záznam!

MARC

LEADER 00000naa$a2200000$$$4500
001 0061486
005 20240502071706.4
041 0 |a slo 
044 |a SK 
245 1 0 |a Dostupnosť informácií o bonite podnikateľských subjektov v ČR a SR ako nevyhnutný predpoklad úspechu v obchode  |c Ľuboš Pavelka 
100 1 |a Pavelka, Ľuboš, 1962-